Statistiques concernant Focus sur: Touffu - Harry Potter

Cliquez ici pour prendre le quiz!

Statistiques générales

  • Ce quiz a été pris 128 fois
  • Le résultat moyen est 5 sur 5

Statistiques - réponses

Informations recherchéesRéponses% Correct
MaîtreRubeus Hagrid
99%
CouleurNoir
96%
Première mentionHarry Potter à l'école des sorciers
95%
Lieu de rencontre avec Harry PotterPoudlard
88%
EspèceChien à trois têtes
86%

Distribution des résultats

Percentile par nombre de réponses

% des personnes avec chaque résultat

Votre développement - résultats

Vous n’avez pas pris ce quiz